KOHA-Header-6

گواہی میرے عہد کی (Record no. 13538)

000 -LEADER
fixed length control field 00367nam a22001217a 4500
082 ## - DEWEY DECIMAL CLASSIFICATION NUMBER
Classification number 891.491
100 ## - MAIN ENTRY--AUTHOR NAME
Personal name رخسانہ صبا
245 ## - TITLE STATEMENT
Title گواہی میرے عہد کی
260 ## - PUBLICATION, DISTRIBUTION, ETC. (IMPRINT)
Place of publication کراچی
Name of publisher بھوپال انٹرنیشنل فورم
Year of publication ٢٠٠٩
300 ## - PHYSICAL DESCRIPTION
Number of Pages مختلف صفحات
650 ## - SUBJECT ADDED ENTRY--TOPICAL TERM
Topical Term Gawahi Mere ehd ki,jazib Qureshi, poet, shair
942 ## - ADDED ENTRY ELEMENTS (KOHA)
Koha item type Books
Holdings
Withdrawn status Lost status Collection code Permanent Location Current Location Shelving location Date acquired Full call number Accession Number Koha item type
    Urdu Literature MAJU MAJU Shelf No.A10 2022-12-07 891.491 ص ب ا 10624 Books

Powered by Koha